000 00299nam a2200133Ia 4500
100 _aGupta M.L & Kumar/R
942 _cBK
654 _aCalculation
245 _aWorkshop Calculation & Science
260 _bDhanpat Rai & Sons
_aDelhi
_c1975
082 _a510
300 _a260
546 _aENGLISH
999 _c20740
_d20740